| 000 | 00000nam 2200000za 4500 |
| 001 | 9.605616 |
| 003 | CaOODSP |
| 005 | 20210624212215 |
| 007 | cr ||||||||||| |
| 008 | 150406|1991||||xxc|||||o f|0| 0 fre d |
| 040 | |aCaOODSP|bfre |
| 043 | |an-cn--- |
| 086 | 1 |aJS74-3/8-1991F-PDF |
| 245 | 00|aImposition des sanctions dans la police |h[ressource électronique] : |bprincipes généraux. |
| 260 | |aOttawa : |bComité externe d'examen de la Gendarmerie royale du Canada, |c[1991?]. |
| 300 | |a82 p. |
| 490 | 1 |aDocument de recherche ; |v8 |
| 590 | |a13-11-Supp|b2013-04-26 |
| 710 | 1 |aCanada. |bComité externe d'examen de la Gendarmerie royale du Canada. |
| 775 | 08|tSanctioning police misconduct |w(CaOODSP)9.576409 |
| 830 | #0|aDocument de recherche (Comité externe d'examen de la Gendarmerie royale du Canada)|v8|w(CaOODSP)9.503864 |
| 856 | 40|ahttp://publications.gc.ca|qPDF|s223 Ko|uhttps://publications.gc.ca/collections/collection_2013/cee-erc/JS74-3-8-1991-fra.pdf|y8 |